000 00520nam a2200205Ia 4500
001 3663
003 IVS
005 20250626025532.0
008 211022s9999 xx 000 0 und d
040 _cIVS
082 _a720 MAR
100 _aMaria Jamil Ansari
245 0 _aHabib Fida Ali - a monograph
260 _aKarachi
260 _bIndus Valley School
260 _c1999
300 _a60
856 _uhttps://drive.google.com/file/d/1KcSOj1Wx_MbTi2ZBbPGiaU3fDGwn0HpP/view?usp=sharing
942 _cDISS
_2ddc
_n0
999 _c4849
_d4849